000
00256nam a2200109Ia 4500
008
220204s9999 xx 000 0 und d
082
_a
82-3
_b
BLY
100
_a
Blyton, Enid
245
4
_a
The Birthday Kitten
260
_a
London
_b
Sparrow
_c
1983
942
_c
BK
999
_c
37675
_d
37675